| 000 | 01079nam0a2200301 4500 | ||
|---|---|---|---|
| 001 | RU\NLR\BIBL_A\012041139 | ||
| 005 | 20190823152235.0 | ||
| 010 |
_a978-5-17-115289-5 _92000 |
||
| 021 |
_aRU _bКН-П-19-040283 _9КН-П-19-2954 |
||
| 035 | _a(NLR Aleph) 012041139 | ||
| 035 | _a(RuMoRGB)009997211 | ||
| 090 |
_a11602756 _c11602756 |
||
| 100 | _a20190621d2019 u y0rusy50 ca | ||
| 101 | 1 |
_arus _ceng |
|
| 102 | _aRU | ||
| 105 | _aa z |00zy | ||
| 200 | 1 |
_aСупермен _iПокоритель рассвета _e[роман] _fМэтт де ла Пенья _g[перевод с английского Алексея Ионова] |
|
| 210 |
_aМосква _cАСТ _d2019 |
||
| 215 |
_a349, [2] с. _cил. _d20 |
||
| 300 | _aНа тит. л.: DC icons | ||
| 686 | 1 | _aШ6(7США)67-445{Лх1979-62} | |
| 700 | 1 |
_7ca _8rus _aДе ла Пенья _bМ. _f1951- _gМэтт _9208922 _3RU\NLR\AUTH\770208976 |
|
| 942 | _cBOOK | ||
| 980 | _aNBR | ||
| 980 | _aNB | ||